| 000 | 00862cam a22001814a 4500 | ||
|---|---|---|---|
| 005 | 20250605163629.0 | ||
| 008 | 250528s ||||||||||||||||||||||||d | ||
| 035 | _a23098 | ||
| 020 | _a415132916 | ||
| 040 |
_aGR-AtMCL _bgre _dGR-AtMCL _eAACR2 |
||
| 245 | 1 | _aForensic Psychology / A Guide to Practice | |
| 260 |
_bRouledge, _c2000 |
||
| 300 | _a244 | ||
| 520 | _aThis book provides clear, detailed instructions on the basic skills, techniques and professional issues involved. Preface, Introduction, Survey's Into Psychological Evidence in Court, Ethical and Professional issues, The Roles of Forensic Psychologist, Psychological Testing, Psycholinguistic Techniques, Civil Cases, Criminal Cases, The Assessment and the Testimony: A Psychological Framework, Conclusions, Cases Cited, References, Index. | ||
| 942 | _cBK | ||
| 999 |
_c8128 _d8128 |
||